STATISTICAL & QUANTITATIVE METHODS (Record no. 535250)

MARC details
000 -LEADER
fixed length control field 00469pam a2200157a 44500
008 - FIXED-LENGTH DATA ELEMENTS--GENERAL INFORMATION
fixed length control field 230515b2003 xxu||||| |||| 00| 0 eng d
020 ## - INTERNATIONAL STANDARD BOOK NUMBER
International Standard Book Number NULL
041 ## - LANGUAGE CODE
Language code of text/sound track or separate title ENGL
082 ## - DEWEY DECIMAL CLASSIFICATION NUMBER
Classification number 310 CHI.
100 ## - MAIN ENTRY--PERSONAL NAME
Personal name "CHITALE RANJEET.,"
245 ## - TITLE STATEMENT
Title STATISTICAL & QUANTITATIVE METHODS
250 ## - EDITION STATEMENT
Edition statement 2
260 ## - PUBLICATION, DISTRIBUTION, ETC.
Place of publication, distribution, etc. PUNE
Name of publisher, distributor, etc. NIRALI PRAKASHAN
Date of publication, distribution, etc. 2003
300 ## - PHYSICAL DESCRIPTION
Extent 15.36
650 ## - SUBJECT ADDED ENTRY--TOPICAL TERM
Topical term or geographic name entry element "STATISTICS,QUANTITATIVE METHODS,DATA PRESENTATION,MEASURES OF CENTRAL TENDENCY,MEASURES OF DISPERSION"
Holdings
Withdrawn status Lost status Damaged status Not for loan Home library Current library Shelving location Date acquired Source of acquisition Cost, normal purchase price Total Checkouts Full call number Barcode Date last seen Price effective from Koha item type
        Social Science Centre (MSW), Pune Social Science Centre (MSW), Pune   10/10/1999 NULL 0.00   310 CHI. MSP-YC-1432 28/06/2023 28/06/2023 Book